[Event "Karsten Kold op"]
[Site "Gistrup"]
[Date "1997.??.??"]
[Round "9"]
[White "Kupreichik, Viktor D"]
[Black "Shipov, Sergei"]
[Result "1-0"]
[WhiteElo "2500"]
[BlackElo "2575"]
[PlyCount "65"]
[EventDate "1997.07.??"]
[EventType "swiss"]
[EventRounds "10"]
[EventCountry "DEN"]
[SourceTitle "EXT 1998"]
[Source "ChessBase"]
[SourceDate "1997.11.17"]
[SourceVersion "1"]
[SourceVersionDate "1997.11.17"]
[SourceQuality "1"]

1. e4 c5 2. Nf3 d6 3. Nc3 Nf6 4. d4 cxd4 5. Nxd4 a6 6. Bc4 e6 7. a3 Be7 8. O-O
O-O 9. Qe2 b5 10. Ba2 Bb7 11. f4 Nbd7 12. e5 dxe5 13. fxe5 Bc5 14. Be3 Nxe5 15.
Nxe6 Bxe3+ 16. Qxe3 fxe6 17. Qxe5 Qb6+ 18. Kh1 Rae8 19. Rae1 Kh8 20. h3 Qc6 21.
Qg5 Nd7 22. Rxf8+ Nxf8 23. Re2 h6 24. Qh5 Qd7 25. Rf2 Nh7 26. Rd2 Qc6 27. Ne4
Rf8 28. Nd6 Rf1+ 29. Kh2 Qb6 30. Nf7+ Rxf7 31. Qxf7 Nf6 32. Qxe6 Qc7+ 33. Qd6
1-0

[Event "Viking op"]
[Site "Aaland/Stockholm"]
[Date "1997.08.24"]
[Round "2"]
[White "Engqvist, Thomas"]
[Black "Kupreichik, Viktor D"]
[Result "0-1"]
[WhiteElo "2355"]
[BlackElo "2500"]
[PlyCount "80"]
[EventDate "1997.08.??"]
[EventType "swiss"]
[EventRounds "9"]
[EventCountry "SWE"]
[SourceTitle "EXT 1998"]
[Source "ChessBase"]
[SourceDate "1997.11.17"]
[SourceVersion "1"]
[SourceVersionDate "1997.11.17"]
[SourceQuality "1"]

1. d4 d6 2. e4 g6 3. Nf3 Bg7 4. Nc3 c6 5. a4 e5 6. dxe5 dxe5 7. Qxd8+ Kxd8 8.
Be3 f6 9. O-O-O+ Nd7 10. Nd2 Bh6 11. Nc4 Ke7 12. h4 Nb6 13. Bxh6 Nxh6 14. a5
Nxc4 15. Bxc4 b5 16. axb6 axb6 17. f3 b5 18. Bb3 Be6 19. Bxe6 Kxe6 20. b4 Nf7
21. Kb2 Nd6 22. Kb3 Ra7 23. Ra1 Rha8 24. Rxa7 Rxa7 25. Kb2 Nc4+ 26. Kb1 h5 27.
Rd1 Ne3 28. Rd2 f5 29. exf5+ gxf5 30. Re2 Nd5 31. Nxd5 cxd5 32. c3 e4 33. f4 d4
34. cxd4 Kd5 35. Rc2 e3 36. Rc5+ Kxd4 37. Kc2 Ra2+ 38. Kd1 Kd3 39. Rd5+ Ke4 40.
Rxb5 Rxg2 0-1

[Event "Viking op"]
[Site "Aaland/Stockholm"]
[Date "1997.08.27"]
[Round "5"]
[White "Arakhamia Grant, Ketevan"]
[Black "Kupreichik, Viktor D"]
[Result "0-1"]
[WhiteElo "2430"]
[BlackElo "2500"]
[PlyCount "48"]
[EventDate "1997.08.??"]
[EventType "swiss"]
[EventRounds "9"]
[EventCountry "SWE"]
[SourceTitle "EXT 1998"]
[Source "ChessBase"]
[SourceDate "1997.11.17"]
[SourceVersion "1"]
[SourceVersionDate "1997.11.17"]
[SourceQuality "1"]

1. e4 c5 2. Nf3 d6 3. d4 cxd4 4. Nxd4 Nf6 5. Nc3 Bd7 6. Bg5 e6 7. f4 Be7 8. Qd2
a6 9. O-O-O h6 10. Bh4 O-O 11. g4 Nxe4 12. Nxe4 Bxh4 13. Nxd6 Qc7 14. Ne4 Rd8
15. Bd3 Nc6 16. Nxc6 Bxc6 17. Qe3 f5 18. Nc5 Bxh1 19. Qxe6+ Kh8 20. Qxf5 Rxd3
21. Nxd3 Bf3 22. Rd2 Qb6 23. Nc5 Be7 24. Rd3 Rf8 0-1

[Event "Viking op"]
[Site "Aaland/Stockholm"]
[Date "1997.08.30"]
[Round "8"]
[White "Poley, Vladimir"]
[Black "Kupreichik, Viktor D"]
[Result "0-1"]
[WhiteElo "2410"]
[BlackElo "2500"]
[PlyCount "78"]
[EventDate "1997.08.??"]
[EventType "swiss"]
[EventRounds "9"]
[EventCountry "SWE"]
[SourceTitle "EXT 1998"]
[Source "ChessBase"]
[SourceDate "1997.11.17"]
[SourceVersion "1"]
[SourceVersionDate "1997.11.17"]
[SourceQuality "1"]

1. Nf3 d6 2. g3 e5 3. d3 f5 4. Bg2 Nf6 5. O-O Be7 6. c4 O-O 7. Nc3 c6 8. Qc2 a5
9. a3 Na6 10. Bd2 Kh8 11. Rab1 Nc5 12. b4 Ne6 13. Ng5 Nd4 14. Qb2 f4 15. gxf4
Nh5 16. e3 Bxg5 17. fxg5 Nf3+ 18. Kh1 Qxg5 19. Ne4 Qh4 20. Bxf3 Rxf3 21. Nxd6
Bh3 22. Qxe5 Bxf1 23. Rxf1 Ng3+ 24. fxg3 Rxf1+ 25. Kg2 Qf6 26. Qxf6 Rxf6 27.
Nxb7 Raf8 28. Bc3 Rf2+ 29. Kh3 a4 30. b5 cxb5 31. cxb5 h5 32. Nd6 Ra2 33. Nc4
Kh7 34. Be5 g5 35. b6 Rf5 36. g4 Rf3+ 37. Bg3 h4 38. b7 hxg3 39. hxg3 Rff2 0-1

[Event "NRW-Cup Masters op"]
[Site "Muenster"]
[Date "1997.??.??"]
[Round "5"]
[White "Kupreichik, Viktor D"]
[Black "Holzke, Frank"]
[Result "1-0"]
[WhiteElo "2500"]
[BlackElo "2400"]
[PlyCount "59"]
[EventDate "1997.10.??"]
[EventType "swiss"]
[EventRounds "9"]
[EventCountry "GER"]
[SourceTitle "CBM 060 Extra"]
[Source "ChessBase"]
[SourceDate "1997.11.04"]
[SourceVersion "1"]
[SourceVersionDate "1997.11.04"]
[SourceQuality "1"]

1. e4 e6 2. d4 d5 3. e5 c5 4. c3 Nc6 5. Be3 Qb6 6. Qd2 Bd7 7. Nf3 cxd4 8. cxd4
Nh6 9. Nc3 Nf5 10. Rd1 Nxe3 11. fxe3 Be7 12. Bd3 f6 13. exf6 Bxf6 14. O-O Rc8
15. Kh1 Nb4 16. Bb1 O-O 17. a3 Nc6 18. e4 dxe4 19. Nxe4 Ne7 20. Nfg5 Bxg5 21.
Qxg5 Qb5 22. Rfe1 Nf5 23. Nc5 b6 24. Nxd7 Qxd7 25. d5 h6 26. Qg4 Rcd8 27. dxe6
Qxd1 28. Rxd1 Rxd1+ 29. Qxd1 Ne3 30. e7 1-0

[Event "NRW-Cup Masters op"]
[Site "Muenster"]
[Date "1997.??.??"]
[Round "7"]
[White "Kupreichik, Viktor D"]
[Black "Lingnau, Carsten"]
[Result "1-0"]
[WhiteElo "2500"]
[BlackElo "2425"]
[PlyCount "41"]
[EventDate "1997.10.??"]
[EventType "swiss"]
[EventRounds "9"]
[EventCountry "GER"]
[SourceTitle "CBM 060 Extra"]
[Source "ChessBase"]
[SourceDate "1997.11.04"]
[SourceVersion "1"]
[SourceVersionDate "1997.11.04"]
[SourceQuality "1"]

1. e4 c5 2. Nf3 d6 3. Nc3 Nc6 4. d4 cxd4 5. Nxd4 Nf6 6. f4 g6 7. Be2 Bg7 8. Nb3
O-O 9. Be3 Be6 10. O-O Qc8 11. Kh1 Bg4 12. Bxg4 Qxg4 13. Qe1 b5 14. a3 a5 15.
Nd2 b4 16. Na4 bxa3 17. Rxa3 Qe6 18. f5 Qe5 19. Nc3 Ng4 20. Nf3 Nxe3 21. Nxe5
1-0

[Event "Groningen op"]
[Site "Groningen"]
[Date "1997.??.??"]
[Round "2"]
[White "Kupreichik, Viktor D"]
[Black "Straub, Natalia"]
[Result "1-0"]
[WhiteElo "2500"]
[BlackElo "2335"]
[PlyCount "81"]
[EventDate "1997.12.20"]
[EventType "swiss"]
[EventRounds "11"]
[EventCountry "NED"]
[SourceTitle "CBM 062 Extra"]
[Source "ChessBase"]
[SourceDate "1998.03.09"]
[SourceVersion "1"]
[SourceVersionDate "1998.03.09"]
[SourceQuality "1"]

1. e4 e6 2. d4 d5 3. e5 c5 4. c3 Nc6 5. Be3 Bd7 6. Nf3 Qb6 7. Qd2 cxd4 8. cxd4
Rc8 9. Nc3 Na5 10. Rc1 Bb4 11. Bd3 Nc4 12. Bxc4 Rxc4 13. O-O Bb5 14. Rc2 Bxc3
15. bxc3 Ba6 16. Rfc1 Ne7 17. Rb2 Qc7 18. Qc2 O-O 19. Ng5 Ng6 20. h4 Rc8 21.
Bd2 Nf8 22. Qd1 f6 23. exf6 gxf6 24. Nf3 Qg7 25. Nh2 Nd7 26. Ng4 R4c6 27. Qf3
Kh8 28. Re1 b6 29. Qh3 Bd3 30. Nh6 Be4 31. f3 Rxc3 32. Bxc3 Rxc3 33. Qxe6 Nf8
34. Qg4 Qxh6 35. fxe4 dxe4 36. Rf2 e3 37. Rf3 Ng6 38. h5 Ne7 39. Qe6 Ng8 40.
Rg3 Qf8 41. Rexe3 1-0

[Event "Groningen op"]
[Site "Groningen"]
[Date "1997.??.??"]
[Round "3"]
[White "Paasikangas Tella, Johanna"]
[Black "Kupreichik, Viktor D"]
[Result "0-1"]
[WhiteElo "2325"]
[BlackElo "2500"]
[PlyCount "82"]
[EventDate "1997.12.20"]
[EventType "swiss"]
[EventRounds "11"]
[EventCountry "NED"]
[SourceTitle "CBM 062 Extra"]
[Source "ChessBase"]
[SourceDate "1998.03.09"]
[SourceVersion "1"]
[SourceVersionDate "1998.03.09"]
[SourceQuality "1"]

1. d4 Nf6 2. Nf3 d5 3. Bg5 e6 4. Nbd2 h6 5. Bh4 c5 6. e3 Qb6 7. Bxf6 gxf6 8.
Qc1 Nc6 9. c3 cxd4 10. Nxd4 e5 11. N4b3 Bf5 12. a4 a6 13. a5 Qd8 14. Be2 Bd6
15. Ra4 Bd7 16. Qa1 f5 17. O-O Qe7 18. c4 Nb4 19. cxd5 Bxa4 20. Qxa4+ Kf8 21.
e4 Rc8 22. Bf3 fxe4 23. Nxe4 f5 24. Nxd6 Qxd6 25. Rd1 Rh7 26. Nd2 Rhc7 27. b3
e4 28. Bh5 Nd3 29. Nc4 Qc5 30. Qa2 Rg7 31. Ne3 f4 32. Nf5 Rg5 33. g4 fxg3 34.
Nxg3 Qxd5 35. Be2 Qxa5 36. Qb1 Qc3 37. Kf1 Re8 38. Nxe4 Rxe4 39. Rxd3 Qe5 40.
Qd1 Rxe2 41. Rd8+ Kf7 0-1

[Event "RUS-Cup08"]
[Site "Omsk/Perm"]
[Date "1998.??.??"]
[Round "1"]
[White "Kuzuev, Danil"]
[Black "Kupreichik, Viktor D"]
[Result "0-1"]
[WhiteElo "2300"]
[BlackElo "2505"]
[PlyCount "44"]
[EventDate "1998.??.??"]
[EventType "swiss"]
[EventRounds "9"]
[EventCountry "RUS"]
[SourceTitle "EXT 2000"]
[Source "ChessBase"]
[SourceDate "1999.11.16"]
[SourceVersion "1"]
[SourceVersionDate "1999.11.16"]
[SourceQuality "1"]

1. e4 c5 2. f4 g6 3. Nf3 Bg7 4. g3 d5 5. Nc3 d4 6. Ne2 Bg4 7. Neg1 Nc6 8. d3 e5
9. h3 Bd7 10. Bg2 Nge7 11. Ne2 f5 12. Nxe5 Nxe5 13. fxe5 Bc6 14. Nf4 Bxe5 15.
Qe2 Qd6 16. Bd2 g5 17. Qh5+ Kd7 18. Qxg5 h5 19. O-O-O Rag8 20. Qh4 Bf6 21. e5
Qxe5 22. Rhe1 Qd6 0-1

[Event "RUS-Cup08"]
[Site "Omsk/Perm"]
[Date "1998.??.??"]
[Round "2"]
[White "Kupreichik, Viktor D"]
[Black "Fakhretdinov, Robert"]
[Result "1-0"]
[WhiteElo "2505"]
[BlackElo "2395"]
[PlyCount "57"]
[EventDate "1998.??.??"]
[EventType "swiss"]
[EventRounds "9"]
[EventCountry "RUS"]
[SourceTitle "EXT 2000"]
[Source "ChessBase"]
[SourceDate "1999.11.16"]
[SourceVersion "1"]
[SourceVersionDate "1999.11.16"]
[SourceQuality "1"]

1. c4 e6 2. g3 d5 3. Bg2 Nf6 4. Nf3 Be7 5. O-O O-O 6. d4 Nbd7 7. Qc2 c6 8. Bf4
Nh5 9. Bd2 Nhf6 10. Rd1 b6 11. Ne5 Nxe5 12. dxe5 Nd7 13. Bc3 Bb7 14. cxd5 cxd5
15. e4 dxe4 16. Nd2 Qc8 17. Bxe4 Bxe4 18. Qxe4 Nc5 19. Qg4 Qb7 20. b4 Nd7 21.
Ne4 Kh8 22. Rd3 Rad8 23. Rad1 Qc6 24. Bb2 Qb5 25. Nd6 Qc6 26. b5 Qc7 27. Nxf7+
Rxf7 28. Qxe6 Qc2 29. R3d2 1-0

[Event "RUS-Cup06"]
[Site "Nizhnij Novgorod"]
[Date "1998.06.30"]
[Round "2"]
[White "Novgorodskij, Vladimir"]
[Black "Kupreichik, Viktor D"]
[Result "0-1"]
[WhiteElo "2420"]
[BlackElo "2505"]
[PlyCount "72"]
[EventDate "1998.06.29"]
[EventType "swiss"]
[EventRounds "9"]
[EventCountry "RUS"]
[SourceTitle "EXT 2000"]
[Source "ChessBase"]
[SourceDate "1999.11.16"]
[SourceVersion "1"]
[SourceVersionDate "1999.11.16"]
[SourceQuality "1"]

1. e4 c5 2. Nf3 d6 3. d4 cxd4 4. Nxd4 Nf6 5. Nc3 Nc6 6. Bc4 Qb6 7. Nb3 e6 8.
Bf4 Ne5 9. Be2 Bd7 10. O-O Be7 11. Be3 Qc7 12. Nb5 Qb8 13. f4 Nc6 14. Nc3 O-O
15. g4 d5 16. exd5 Nb4 17. Bf3 Nbxd5 18. Nxd5 Nxd5 19. Bxd5 exd5 20. f5 Re8 21.
Bd4 Bb5 22. Rf3 Bh4 23. Be3 Re4 24. Nd4 Qe5 25. Qd2 Rxg4+ 26. Kh1 Qe4 27. Rg1
h5 28. h3 Rxg1+ 29. Kxg1 Bd7 30. Rf4 Qe7 31. Nf3 Bg3 32. f6 Qd6 33. Rd4 Qxf6
34. Qg2 Re8 35. Qxg3 Rxe3 36. Rf4 Qb6 0-1

[Event "RUS-Cup06"]
[Site "Nizhnij Novgorod"]
[Date "1998.07.05"]
[Round "7"]
[White "Kupreichik, Viktor D"]
[Black "Krivonogov, Alexander"]
[Result "1-0"]
[WhiteElo "2505"]
[BlackElo "2315"]
[PlyCount "93"]
[EventDate "1998.06.29"]
[EventType "swiss"]
[EventRounds "9"]
[EventCountry "RUS"]
[SourceTitle "EXT 2000"]
[Source "ChessBase"]
[SourceDate "1999.11.16"]
[SourceVersion "1"]
[SourceVersionDate "1999.11.16"]
[SourceQuality "1"]

1. e4 Nf6 2. e5 Nd5 3. d4 d6 4. c4 Nb6 5. exd6 cxd6 6. Nc3 g6 7. Be3 Bg7 8. Rc1
O-O 9. b3 Nc6 10. d5 Ne5 11. Be2 h5 12. Nf3 Bg4 13. Nxe5 Bxe2 14. Nxf7 Bxd1 15.
Nxd8 Bxb3 16. axb3 Rfxd8 17. Nb5 Rdc8 18. O-O Bf6 19. g3 Kf7 20. h4 Rg8 21.
Nxa7 Rxa7 22. Bxb6 Ra3 23. Rb1 g5 24. hxg5 Rxg5 25. Kg2 h4 26. Be3 Rg8 27. Kh3
hxg3 28. fxg3 Kg6 29. Rf4 Rh8+ 30. Kg4 Rb8 31. c5 dxc5 32. Bxc5 Ra5 33. b4 Rb5
34. Re1 Rd8 35. Bxe7 Bxe7 36. Re6+ Kg7 37. Rxe7+ Kg8 38. Rd4 Kf8 39. Rh7 Rd6
40. Kf4 Rdb6 41. Ke5 Rxb4 42. Rf4+ Rxf4 43. gxf4 Rb1 44. Ke6 b5 45. d6 Re1+ 46.
Kf6 Ke8 47. Re7+ 1-0

[Event "Wiesbaden op 17th"]
[Site "Wiesbaden"]
[Date "1998.08.24"]
[Round "4"]
[White "Habibi, Ali"]
[Black "Kupreichik, Viktor D"]
[Result "0-1"]
[WhiteElo "2350"]
[BlackElo "2505"]
[PlyCount "108"]
[EventDate "1998.08.??"]
[EventType "swiss"]
[EventRounds "9"]
[EventCountry "GER"]
[SourceTitle "EXT 2000"]
[Source "ChessBase"]
[SourceDate "1999.11.16"]
[SourceVersion "1"]
[SourceVersionDate "1999.11.16"]
[SourceQuality "1"]

1. Nf3 d5 2. b3 Nf6 3. e3 g6 4. Bb2 Bg7 5. Be2 c5 6. c4 d4 7. exd4 Nh5 8. g3
Nc6 9. a3 O-O 10. Ra2 cxd4 11. d3 e5 12. O-O f5 13. b4 Be6 14. Bc1 Bf6 15. b5
Na5 16. Nxe5 Bxe5 17. Bxh5 Bxc4 18. dxc4 gxh5 19. Re1 Bg7 20. Qxh5 Nxc4 21. Bg5
Qd5 22. Rae2 Ne5 23. Nd2 d3 24. Re3 Ng6 25. Bh6 Rad8 26. Bxg7 Kxg7 27. Qg5 Rf7
28. f4 Rd6 29. Re7 Rd7 30. R7e6 Rd6 31. Re7 Rdf6 32. R7e3 Qc5 33. Ne4 Qd4 34.
Nxf6 Rxf6 35. Kf1 d2 36. Re7+ Kg8 37. Re8+ Kf7 38. Qh6 dxe1=Q+ 39. Rxe1 Qc4+
40. Kf2 Qc5+ 41. Kg2 Kg8 42. a4 Re6 43. Rxe6 Qd5+ 44. Kf2 Qxe6 45. Qg5 Kf7 46.
Qh5 Kg7 47. Qf3 b6 48. Qb7+ Qf7 49. Qc8 Ne7 50. Qc3+ Kg6 51. Qe5 Qa2+ 52. Kg1
Qb1+ 53. Kf2 Qc2+ 54. Kg1 Qc5+ 0-1

[Event "Wiesbaden op 17th"]
[Site "Wiesbaden"]
[Date "1998.08.26"]
[Round "6"]
[White "Lobzhanidze, Davit"]
[Black "Kupreichik, Viktor D"]
[Result "0-1"]
[WhiteElo "2455"]
[BlackElo "2505"]
[PlyCount "94"]
[EventDate "1998.08.??"]
[EventType "swiss"]
[EventRounds "9"]
[EventCountry "GER"]
[SourceTitle "EXT 2000"]
[Source "ChessBase"]
[SourceDate "1999.11.16"]
[SourceVersion "1"]
[SourceVersionDate "1999.11.16"]
[SourceQuality "1"]

1. e4 c5 2. Nf3 d6 3. d4 cxd4 4. Nxd4 Nf6 5. Nc3 Bd7 6. Be2 Nc6 7. O-O g6 8.
Nb3 Bg7 9. Re1 O-O 10. Bf1 Rc8 11. Nd5 Ne5 12. c3 b5 13. Bg5 Nxd5 14. exd5 h6
15. Be3 a5 16. Bd4 Re8 17. f4 Nc4 18. Bxg7 Kxg7 19. Bxc4 Rxc4 20. Qf3 b4 21.
Nd2 Qb6+ 22. Kh1 Rc7 23. c4 Qd4 24. Nb3 Qxb2 25. Nxa5 Ra8 26. Nc6 Bxc6 27. dxc6
Rxa2 28. Rxa2 Qxa2 29. f5 Qxc4 30. fxg6 f6 31. h3 b3 32. Re4 Qc1+ 33. Kh2 b2
34. Qb3 e5 35. Qb8 Qxc6 36. Rb4 d5 37. Rxb2 e4 38. Rb6 Qc3 39. Re6 Qc1 40. Qb3
Qf4+ 41. Qg3 Qxg3+ 42. Kxg3 Rc3+ 43. Kf4 Kxg6 44. Rd6 Rd3 45. Rd7 h5 46. h4 Rd2
47. Ke3 Rxg2 0-1

[Event "Wiesbaden op 17th"]
[Site "Wiesbaden"]
[Date "1998.08.27"]
[Round "7"]
[White "Kupreichik, Viktor D"]
[Black "Solonar, Stefan"]
[Result "1-0"]
[WhiteElo "2505"]
[BlackElo "2315"]
[PlyCount "70"]
[EventDate "1998.08.??"]
[EventType "swiss"]
[EventRounds "9"]
[EventCountry "GER"]
[SourceTitle "EXT 2000"]
[Source "ChessBase"]
[SourceDate "1999.11.16"]
[SourceVersion "1"]
[SourceVersionDate "1999.11.16"]
[SourceQuality "1"]

1. c4 f5 2. Nc3 Nf6 3. g3 g6 4. Bg2 Bg7 5. d3 O-O 6. e4 fxe4 7. dxe4 e5 8. Nge2
d6 9. O-O Be6 10. b3 Qd7 11. Bb2 Na6 12. Qd2 Nc5 13. Rad1 a5 14. Qc2 Rae8 15.
Nb5 Qc8 16. Bc1 Re7 17. f3 Rd7 18. f4 exf4 19. Nxf4 Bg4 20. Rde1 Re7 21. Bb2
Qd8 22. h3 Bc8 23. Kh2 c6 24. Nc3 Rfe8 25. Re2 g5 26. Nd3 Nfxe4 27. Nxe4 Nxe4
28. Bxg7 Kxg7 29. Qb2+ Kg8 30. Rfe1 d5 31. cxd5 cxd5 32. Qd4 Qd7 33. Nf2 Qf5
34. Ng4 Re6 35. Bxe4 dxe4 1-0

[Event "Wiesbaden op 17th"]
[Site "Wiesbaden"]
[Date "1998.08.28"]
[Round "8"]
[White "Meijers, Viesturs"]
[Black "Kupreichik, Viktor D"]
[Result "0-1"]
[WhiteElo "2410"]
[BlackElo "2505"]
[PlyCount "100"]
[EventDate "1998.08.??"]
[EventType "swiss"]
[EventRounds "9"]
[EventCountry "GER"]
[SourceTitle "EXT 2000"]
[Source "ChessBase"]
[SourceDate "1999.11.16"]
[SourceVersion "1"]
[SourceVersionDate "1999.11.16"]
[SourceQuality "1"]

1. e4 c5 2. Nf3 d6 3. d4 cxd4 4. Nxd4 Nf6 5. Nc3 g6 6. Be3 Bg7 7. f3 O-O 8. Bc4
Nc6 9. Qd2 Bd7 10. Bb3 Rc8 11. g4 Na5 12. h4 h5 13. gxh5 Nxh5 14. Bh6 Nc4 15.
Bxc4 Bxh6 16. Qxh6 Rxc4 17. O-O-O e6 18. Rhg1 Qf6 19. Nde2 Qg7 20. Qe3 Ra8 21.
Rxd6 Be8 22. f4 Rac8 23. Rd2 Qf8 24. Qf3 Kh7 25. Rg5 f6 26. Rg1 Qc5 27. f5 exf5
28. Rd5 fxe4 29. Qh3 Nf4 30. Rxc5 Nxh3 31. Rxc8 Rxc8 32. Rg2 Kg7 33. Rh2 Bd7
34. Nxe4 Bg4 35. Nd6 Rh8 36. Nxb7 Rxh4 37. Nd6 g5 38. Ng3 Kg6 39. c4 f5 40. c5
f4 41. Nge4 Bd7 42. b4 a6 43. Rb2 Bc6 44. a4 f3 45. b5 axb5 46. axb5 Bxe4 47.
Nxe4 Rxe4 48. b6 f2 49. Rxf2 Nxf2 50. b7 Re8 0-1

[Event "Berliner Sommer 16th"]
[Site "Berlin"]
[Date "1998.??.??"]
[Round "5"]
[White "Plueg, Andreas"]
[Black "Kupreichik, Viktor D"]
[Result "0-1"]
[WhiteElo "2355"]
[BlackElo "2505"]
[PlyCount "92"]
[EventDate "1998.08.08"]
[EventType "swiss"]
[EventRounds "9"]
[EventCountry "GER"]
[SourceTitle "CBM 066 Extra"]
[Source "ChessBase"]
[SourceDate "1998.11.06"]
[SourceVersion "1"]
[SourceVersionDate "1998.11.06"]
[SourceQuality "1"]

1. d4 Nf6 2. c4 g6 3. Nc3 Bg7 4. e4 d6 5. f3 e5 6. dxe5 dxe5 7. Qxd8+ Kxd8 8.
Be3 c6 9. O-O-O+ Kc7 10. g3 Be6 11. b3 Nbd7 12. Bh3 Nf8 13. Bxe6 Nxe6 14. Nge2
a5 15. Kb2 Rad8 16. Na4 Nd7 17. Kc2 h5 18. Bd2 Ra8 19. Be3 h4 {[#]} 20. Rxd7+
Kxd7 21. Nb6+ Kc7 22. Nxa8+ Rxa8 23. gxh4 {[#]} Rh8 24. Bf2 Bf6 25. Bg3 Rh5 26.
f4 exf4 27. Nxf4 Nxf4 28. Bxf4+ Kd7 29. Kd3 Rxh4 30. Bg3 Rh3 31. Ke3 Be5 32.
Rd1+ Ke6 33. Kf3 Bxg3 34. hxg3 Rh2 35. a4 Rb2 36. Rd3 Ke5 37. Re3 f6 38. Rd3
Rc2 39. Re3 Rd2 40. Kg4 Rd4 41. Kf3 g5 42. g4 Rd2 43. Re1 Rd3+ 44. Kg2 Rxb3 45.
Rf1 Re3 46. Rf5+ Ke6 0-1

[Event "Berliner Sommer 16th"]
[Site "Berlin"]
[Date "1998.??.??"]
[Round "8"]
[White "Kupreichik, Viktor D"]
[Black "Von Herman, Ulf"]
[Result "1-0"]
[WhiteElo "2505"]
[BlackElo "2375"]
[PlyCount "73"]
[EventDate "1998.08.08"]
[EventType "swiss"]
[EventRounds "9"]
[EventCountry "GER"]
[SourceTitle "CBM 066 Extra"]
[Source "ChessBase"]
[SourceDate "1998.11.06"]
[SourceVersion "1"]
[SourceVersionDate "1998.11.06"]
[SourceQuality "1"]

1. e4 e6 2. d4 d5 3. e5 c5 4. c3 Nc6 5. Be3 Qb6 6. Qd2 cxd4 7. cxd4 Bd7 8. Nc3
Rc8 9. Rc1 Na5 10. Bd3 Nc4 11. Bxc4 Rxc4 12. Nge2 Bb4 13. O-O Ne7 14. a3 Bxc3
15. Rxc3 Rxc3 16. Nxc3 Bb5 17. Rc1 O-O 18. Bg5 Nc6 19. Nxb5 Qxb5 20. Rc3 Qa4
21. Rd3 Rc8 22. h4 Kf8 23. h5 Ke8 24. h6 gxh6 25. Bh4 Nxe5 26. b3 Qxa3 27. dxe5
Qa1+ 28. Kh2 Qxe5+ 29. g3 Qf5 30. Kg2 Qe4+ 31. Rf3 b6 32. Qb2 Kd7 33. Qg7 Kc6
34. Qxf7 Rc7 35. Qf8 Kb7 36. Bd8 Rc3 37. Qg7+ 1-0

[Event "Olympiad-33"]
[Site "Elista"]
[Date "1998.10.11"]
[Round "12.4"]
[White "Kupreichik, Viktor D"]
[Black "Rogic, Davor"]
[Result "1-0"]
[WhiteElo "2505"]
[BlackElo "2460"]
[PlyCount "71"]
[EventDate "1998.09.29"]
[EventType "team-swiss"]
[EventRounds "13"]
[EventCountry "RUS"]
[SourceTitle "CBM 068"]
[Source "ChessBase"]
[SourceDate "1999.02.01"]
[SourceVersion "1"]
[SourceVersionDate "1999.02.01"]
[SourceQuality "1"]
[WhiteTeam "Belarus"]
[BlackTeam "Croatia"]
[WhiteTeamCountry "BLR"]
[BlackTeamCountry "CRO"]

1. e4 e5 2. Nf3 Nc6 3. Bb5 a6 4. Ba4 Nf6 5. O-O Be7 6. Re1 b5 7. Bb3 O-O 8. a4
Bb7 9. d3 d6 10. Bd2 b4 11. c3 bxc3 12. bxc3 Nd7 13. a5 Nc5 14. Bc4 Nb8 15. Qc2
Nbd7 16. Be3 c6 17. Ba2 d5 18. Nbd2 Rb8 19. h3 Ba8 20. exd5 cxd5 21. d4 e4 22.
dxc5 exf3 23. Nxf3 Nxc5 24. Red1 g6 25. c4 d4 26. Bxd4 Qxa5 27. Ne5 Rfd8 28.
Ng4 Qb6 29. Qc3 Ne4 30. Qe3 Qc6 31. c5 Bg5 32. Qf3 Rf8 33. h4 h5 34. Ne5 Qc7
35. hxg5 Nxg5 36. Qf6 1-0

[Event "Frohnleiten op"]
[Site "Frohnleiten"]
[Date "1999.??.??"]
[Round "5"]
[White "Franic, Milan"]
[Black "Kupreichik, Viktor D"]
[Result "0-1"]
[WhiteElo "2435"]
[BlackElo "2457"]
[PlyCount "124"]
[EventDate "1999.??.??"]
[EventType "swiss"]
[EventRounds "9"]
[EventCountry "AUT"]
[SourceTitle "EXT 2001"]
[Source "ChessBase"]
[SourceDate "2000.11.22"]
[SourceVersion "1"]
[SourceVersionDate "2000.11.22"]
[SourceQuality "1"]

1. d4 Nf6 2. c4 e6 3. Nc3 Bb4 4. e3 O-O 5. Bd3 c5 6. Nf3 d5 7. O-O Nc6 8. a3
Bxc3 9. bxc3 Qc7 10. Qc2 dxc4 11. Bxc4 e5 12. Bd3 Re8 13. e4 exd4 14. cxd4 cxd4
15. Nxd4 Ng4 16. g3 Bd7 17. Bf4 Qb6 18. Nf3 Nd4 19. Nxd4 Qxd4 20. e5 g6 21.
Rad1 Ba4 22. Bb5 Bxc2 23. Rxd4 Nxe5 24. Kg2 Re7 25. Rc1 Bf5 26. Bg5 Re6 27. Rc7
Rb6 28. Bc4 Re8 29. Bf4 Nxc4 30. Rcxc4 Kg7 31. Rb4 Ra6 32. Ra4 Rxa4 33. Rxa4
Be4+ 34. Kf1 Bf3 35. Be3 f5 36. Bxa7 Rc8 37. Be3 Rc2 38. Rb4 Ra2 39. Bd4+ Kf7
40. Rb3 Bd5 41. Rc3 g5 42. h4 g4 43. Bc5 f4 44. gxf4 Ra1+ 45. Ke2 Rh1 46. Re3
Rxh4 47. Re5 Bc6 48. f5 Rh3 49. Be3 h5 50. Bg5 Rxa3 51. Re7+ Kf8 52. f6 Rf3 53.
Rh7 Rf5 54. Rxh5 Kg8 55. Ke3 Be8 56. Ke4 Bg6 57. Rh6 Rxg5+ 58. Kf4 Rf5+ 59.
Kxg4 Rxf6 60. Rh2 Be4 61. Kg5 Kg7 62. Rh4 Rf5+ 0-1

[Event "Frohnleiten op"]
[Site "Frohnleiten"]
[Date "1999.??.??"]
[Round "6"]
[White "Kupreichik, Viktor D"]
[Black "Jovanovic, Sasa D"]
[Result "1-0"]
[WhiteElo "2457"]
[BlackElo "2354"]
[PlyCount "69"]
[EventDate "1999.??.??"]
[EventType "swiss"]
[EventRounds "9"]
[EventCountry "AUT"]
[SourceTitle "EXT 2001"]
[Source "ChessBase"]
[SourceDate "2000.11.22"]
[SourceVersion "1"]
[SourceVersionDate "2000.11.22"]
[SourceQuality "1"]

1. e4 c5 2. Nf3 d6 3. Nc3 Nc6 4. d4 cxd4 5. Nxd4 Nf6 6. f4 e5 7. Nf3 Qb6 8. Nd5
Nxd5 9. exd5 Nb8 10. fxe5 dxe5 11. Nxe5 Bc5 12. Qf3 O-O 13. Be2 Nd7 14. Nc4 Qg6
15. Be3 b5 16. Bxc5 Nxc5 17. Ne3 Bd7 18. O-O-O Rac8 19. Kb1 Rfe8 20. Rhe1 b4
21. Bc4 Ba4 22. d6 Rxe3 23. Bxf7+ Qxf7 24. Qxf7+ Kxf7 25. Rxe3 Bd7 26. Re7+ Kg6
27. Rd5 Bf5 28. Ree5 Bxc2+ 29. Kxc2 Nd7+ 30. Kb3 Nxe5 31. Rxe5 Kf6 32. Rd5 Ke6
33. d7 Rd8 34. Rd2 a5 35. Ka4 1-0